Norwich City Current Squad - Statistics

General Stats
  • This quiz has been taken 508 times
    104 since last reset
  • The average score is 13 of 26
Answer Stats
# Player % Correct
28 Angus Gunn
84%
1 Tim Krul
77%
24 Josh Sargent
76%
17 Gabriel Sara
69%
5 Grant Hanley
68%
2 Max Aarons
67%
46 Liam Gibbs
65%
6 Ben Gibson
61%
23 Kenny McLean
61%
Head Coach David Wagner
60%
11 Adam Idah
57%
27 Jonathan Rowe
57%
10 Ashley Barnes
51%
30 Dimitris Giannoulis
51%
25 Onel Hernández
51%
26 Marcelino Núñez
49%
15 Sam McCallum
41%
4 Andrew Omobamidele
40%
20 Przemysław Płacheta
40%
7 Milot Rashica
37%
19 Jacob Sørensen
33%
18 Christos Tzolis
31%
42 Tony Springett
31%
47 Abu Kamara
25%
37 Daniel Barden
21%
45 Jonathan Tomkinson
20%
No matching quizzes found
Score Distribution
Percent of People with Each Score
Percentile by Number Answered
Your Score History
You have not taken this quiz since the last reset